Cd̤igo de comercio

Bibliographic Details
Other Authors: Roa Rojas, Hernǹ, Roa Da̕z, Cornelio
Format: eBook
Language:Spanish
Published: Bogot ̀: Editorial Ecoe, 2012
Series:Las Leyes de Colombia
Subjects:
Online Access:Acceso restringido

MARC

LEADER 00000nam a22000007a 4500
005 20120622124928.0
007 cr|||| ||||
008 120622s2012 co |||||s|||| 00||0 spa d
020 |a  978-958-648-698-9 
035 |a 6214 
040 |a vLex 
090 |c 3232  |d 3232 
245 0 0 |a Cd̤igo de comercio  |h [Recurso electrn̤ico] 
256 |a Servicio en ln̕ea 
260 |a Bogot ̀:  |b Editorial Ecoe,  |c 2012 
300 |a 1 recurso electrn̤ico 
490 |a Las Leyes de Colombia  
500 |a En esta edicin̤ del Cd̤igo de Comercio se encuentran incorporadas todas las reformas hasta noviembre 1 de 2010; la jurisprudencia de constitucionalidad de la Corte Constitucional y concordancias con cita textual a la norma, as ̕como notas de vigencia. Contenido: * Rǧimen de insolvencia Empresarial (Ley 1116 de 2006) * Ley 0222 de 1995. Por la cual se modifica el libro II del Codigo de Comercio, se expide un nuevo rǧimen de procesos concr︢sales y se dictan otras disposiciones. * Ley 0232 de 1995. Por medio de la cual se dictan normas para el funcionamiento de los establecimientos comerciales. * Circular Única de la Superintendencia de Industria y Comercio. * Estatuto de proteccin̤ al Consumidor (Decreto 3466 de 1982). 
506 1 |a Contenido solo disponible en los productos indicados  |d vLex Global   |d vLex Global (Academic Edition, excluding Law Schools)   |d vLex Global (U.S. Academic Edition, Law Schools)   |d vLex Global (U.S. Academic Edition, excluding Law Schools)   |d vLex Global (Academic Edition, Law Schools)  
650 0 4 |a Derecho mercantil  |z Colombia 
700 1 |a Roa Rojas, Hernǹ 
700 1 |a Roa Da̕z, Cornelio 
740 0 |a vLex Libros (Servicio en ln̕ea) 
856 4 0 |u http://vlex.com/source/codigo-comercio-6214  |z Acceso restringido 
942 |c BOOK 
999 0 |a Commercial law